Επανασχεδιασμός διαδικασιών (Re-engineering) - μελέτη περίπτωσης ανασχεδιασμού των inbound logistics μεσαίας ελληνικής επιχειρήσεις : διπλωματική εργασία

Αποθηκεύτηκε σε:
Λεπτομέρειες βιβλιογραφικής εγγραφής
Κύριος συγγραφέας: Ταουσιάνης, Ιωάννης
Συγγραφή απο Οργανισμό/Αρχή: Πανεπιστήμιο Αιγαίου Σχολή Επιστημών της Διοίκησης Τμήμα Διοίκησης Επιχειρήσεων - Τ.Δ.Ε
Άλλοι συγγραφείς: Βιδάλης, Μιχάλης (Εισηγητής διατριβής)
Μορφή: Thesis Βιβλίο
Γλώσσα:Greek
Δημοσίευση: 2005
Θέματα:
Διαθέσιμο Online:http://hdl.handle.net/11610/6740
Ετικέτες: Προσθήκη ετικέτας
Δεν υπάρχουν, Καταχωρήστε ετικέτα πρώτοι!

MARC

LEADER 00000cam a2200000 i 4500
001 1/23456
008 060201s2005 gre d
035 |l 10082429 
040 |a GR-MY-UA  |b gre  |e aacr 
041 0 |a gre 
082 0 |a 658.4063  |2 (22) 
100 1 |a Ταουσιάνης, Ιωάννης. 
245 1 0 |a Επανασχεδιασμός διαδικασιών (Re-engineering) - μελέτη περίπτωσης ανασχεδιασμού των inbound logistics μεσαίας ελληνικής επιχειρήσεις :  |b διπλωματική εργασία /  |c Ταουσιάνης Ιωάννης ; επιβλέπων Βιδάλης Μιχαήλ 
260 |c 2005 
300 |a 75 σ.;  |b διαγρ., πίν.;  |c 30 εκ. 
502 |a Πτυχιακή εργασία – Πανεπιστήμιο Αιγαίου, Χίος, 2005. 
504 |a Περιλαμβάνει βιβλιογραφία 
610 2 0 |a Πανεπιστήμιο Αιγαίου. 
650 0 0 |a Reengineering (Management) 
650 0 0 |a Organizational effectiveness. 
650 0 0 |a Business logistics. 
650 0 0 |a Dissertations, Academic  |z Greece. 
700 1 |a Βιδάλης, Μιχάλης.  |4 ths 
710 1 |a Πανεπιστήμιο Αιγαίου  |b Σχολή Επιστημών της Διοίκησης  |b Τμήμα Διοίκησης Επιχειρήσεων - Τ.Δ.Ε. 
852 |a INST  |b CHIOS  |c DIATR  |e 20060201  |h 658.4063 ΤΑΟ  |p 005200024361  |q 005200024361  |t DIE  |y 23 
852 |a INST  |b CHIOS  |c DIATR  |e 20060201  |h 658.4063 ΤΑΟ  |p 005200024362  |q 005200024362  |t DIE  |y 23 
856 |u http://hdl.handle.net/11610/6740 
901 |a BIBL2-2006-1 
909 |a Χ  |b 119879 
909 |a Χ  |b 119880 
924 |a ΤΑΟΥΣΙΑΝΗΣ  |b ΙΩΑΝΝΗΣ  |y ΧΙΟΣ  |z 2005-10 
970 |a ΒΑΣΙΛΑΚΗ  |b ΝΙΚΗ  |z 2006/02/01